Ústava Slovenskej republiky pre školy

Na minha lista:
Detalhes bibliográficos
Autor principal: Fogaš, Ľubomír
Outros Autores: Cibulka, Ľubor
Formato: Livro
Idioma:eslovaco
Publicado em: Bratislava Slovenské pedagogické nakladateľstvo 1997
Edição:2. uprav. vyd.
Assuntos:
Tags: Adicionar Tag
Sem tags, seja o primeiro a adicionar uma tag!

MARC

LEADER 00000nam a2200000 4500
001 c020172
005 20230228091240.1
020 |a 80-08-02646-4 
041 0 |a slo 
044 |a SK 
245 1 0 |a Ústava Slovenskej republiky pre školy  |c Ľubomír Fogaš, Ľubor Cibulka 
250 |a 2. uprav. vyd. 
264 1 |a Bratislava  |b Slovenské pedagogické nakladateľstvo  |c 1997 
300 |a 119 s. 
610 2 0 |a ústava 
610 2 0 |a Slovensko 
610 2 0 |a právo ústavné 
610 2 0 |a zákony 
100 1 |a Fogaš, Ľubomír 
700 1 |a Cibulka, Ľubor